Tilastot visalle Nimeä Suomen kunta A-Ö

Klikkaa tästä pelataksesi tätä visaa!

Yleistilastot

  • Tätä visaa on pelattu 231 kertaa
  • Keskiarvotulos 19 / 21

Vastaustilastot

KirjainKunta% Oikein
HHaapajärvi | Haapavesi | Hailuoto | Halsua | Hamina | Hammarland | Hankasalmi + 16 muuta
99%
AAkaa | Alajärvi | Alavieska | Alavus | Asikkala | Askola | Aura
98%
IIi | Iisalmi | Iitti | Ikaalinen | Ilmajoki | Ilomantsi | Imatra | Inari | Inkoo | Isojoki | Isokyrö
98%
KKaarina | Kaavi | Kajaani | Kalajoki | Kangasala | Kangasniemi | Kankaanpää + 49 muuta
98%
TTaipalsaari | Taivalkoski | Taivassalo | Tammela | Tampere | Tervo | Tervola + 9 muuta
98%
EEckerö | Enonkoski | Enontekiö | Espoo | Eura | Eurajoki | Evijärvi
97%
LLahti | Laihia | Laitila | Lapinjärvi | Lapinlahti | Lappajärvi | Lappeenranta + 20 muuta
97%
RRaahe | Raasepori | Raisio | Rantasalmi | Ranua | Rauma | Rautalampi + 10 muuta
97%
SSaarijärvi | Salla | Salo | Saltvik | Sastamala | Sauvo | Savitaipale + 23 muuta
97%
JJanakkala | Joensuu | Jokioinen | Jomala | Joroinen | Joutsa | Juuka + 6 muuta
96%
MMaalahti | Maarianhamina | Marttila | Masku | Merijärvi | Merikarvia | Miehikkälä + 11 muuta
96%
PPadasjoki | Paimio | Paltamo | Parainen | Parikkala | Parkano | Pedersöre + 28 muuta
96%
UUlvila | Urjala | Utajärvi | Utsjoki | Uurainen | Uusikaarlepyy | Uusikaupunki
95%
VVaala | Vaasa | Valkeakoski | Vantaa | Varkaus | Vehmaa | Vesanto + 10 muuta
95%
OOrimattila | Oripää | Orivesi | Oulainen | Oulu | Outokumpu
94%
NNaantali | Nakkila | Nivala | Nokia | Nousiainen | Nurmes | Nurmijärvi | Närpiö
93%
YYlitornio | Ylivieska | Ylöjärvi | Ypäjä
91%
ÄÄhtäri | Äänekoski
90%
FFinström | Forssa | Föglö
86%
GGeta
68%
BBrändö
67%

Tulosjakauma

Persentiili vastausten määrän mukaan

Jokaisen tuloksen saaneiden osuus

Tuloshistoriasi

Et ole pelannut tätä visaa